El arbitraje en el derecho chileno de sociedades: arbitrabilidad del conflicto societario mercantil

Salvato in:
Dettagli Bibliografici
Autore principale: Jequier Lehuedé, Eduardo Teodoro (Autore)
Natura: Libro
Lingua:spagnolo
Pubblicazione: Santiago Legal Publishing 2013
Serie:Monografías
Soggetti:
Tags: Aggiungi Tag
Nessun Tag, puoi essere il primo ad aggiungerne!!

MARC

LEADER 00000cam a2200000 a 4500
001 UCF7168
003 CL-VaPUC
008 130613e20130000CL |||||||||||||||||spa|d
020 |a 9789563463309 
082 0 4 |a 346.07  |b JEQ  |2 21 
100 |a Jequier Lehuedé, Eduardo Teodoro  |e author  |9 739387 
245 1 3 |a El arbitraje en el derecho chileno de sociedades: arbitrabilidad del conflicto societario mercantil 
300 |a 362 p 
942 |c BK 
945 |d 20130613 00:00:00  |a dcastane 
260 |a Santiago  |b Legal Publishing  |c 2013 
650 0 |a Derecho comercial   |9 256340 
650 7 |a DERECHO DE SOCIEDADES  |2 CL-VaPUC  |9 569170 
650 0 |a Asociaciones   |9 257659 
650 0 |a Personas jurídicas  |9 257259 
583 |a last modification  |c 20190722 01:33:30  |k Rodrigo Vera 
490 0 |a Monografías 
999 |c 352087  |d 352085 
952 |0 0  |1 0  |4 0  |6 346_070000000000000_JEQ_2013  |7 0  |8 A  |9 456625  |a BIBDER  |b BIBDER  |d 2019-11-22  |i 4978471  |l 3  |o 346.07 JEQ 2013  |p 4978471  |r 2025-04-09  |s 2025-04-09  |w 2019-11-22  |y BK  |k DER